| 000 | 00992nam a22003137a 4500 | ||
|---|---|---|---|
| 001 | 6232 | ||
| 003 | FISKH | ||
| 005 | 20250403103459.0 | ||
| 008 | 250403b cb ||||| |||| 00| 0 eng d | ||
| 020 | _a0590412299 | ||
| 040 |
_aDLC _cODaWU _dDLC _beng |
||
| 050 | _aQC941.A3 | ||
| 082 | _a 551.55 | ||
| 100 | 1 |
_aRobert, Irving _d(1913–) |
|
| 245 | 1 | 0 |
_aHurricanes and twisters / _cby Robert Irving ; Illustrated with Diagram and Photographs ; Line Illustrations by Ruth Adler |
| 250 | _aThis edition first published in 1955 | ||
| 260 |
_aNew York : _bScholastic, _c1955 |
||
| 300 |
_a143 pages : _billustrations ; _c20 cm |
||
| 505 | _aN | ||
| 520 | _aAnswers questions about hurricanes and tornadoes. | ||
| 521 | 8 |
_a590
_bLexile |
|
| 521 | 8 |
_aN
_bRaz-Plus |
|
| 650 | 0 |
_aHurricanes. _2Weather |
|
| 650 | 0 |
_aTornadoes. _2Mother nature |
|
| 700 |
_aAdler, Ruth _dillustrator |
||
| 906 |
_a7 _bcbc _coclcrpl _du _encip _f19 _gy-gencatlg |
||
| 942 |
_2ddc _cBK _n0 |
||
| 999 |
_c6232 _d6232 |
||